Súdenie, odsúdenie a väznenie biskupa Jána Vojtaššáka (2)

Bibliographic Details
Main Author: Trstenský, Viktor, 1908-2006 (Author)
Format: Article
Language:Slovak
PhysicalDescription:Fotogr.
ISSN:1335-3470
Subjects:

MARC

LEADER 00000nab a2200000 a 4500
001 vtls000861052
003 SK-MaSNL
005 20260304120027.0
008 250429c2003 xo 0 slo
015 |a SNBRB2004/02-03424 
035 |a CLN000212652 
035 |a urn:nbn:sk:snk-ab960w 
035 |a (urnnbn)urn:nbn:sk:snk:ar-006zue 
035 |a (uuid)3695876a-be6c-45a7-b41f-a900b59679d3 
040 |a SNKBUCL  |b slo  |c SNKBUCL  |e AACR2 
041 0 |a slo 
044 |a xo  |c SK 
080 |a 2-051  |2 1997 
080 |a 929 Vojtaššák, Ján  |2 1997 
100 1 |a Trstenský, Viktor,  |d 1908-2006  |4 aut  |9 107505 
245 1 0 |a Súdenie, odsúdenie a väznenie biskupa Jána Vojtaššáka  |n (2)  |c Viktor Trstenský 
300 |b Fotogr. 
600 1 7 |a Vojtaššák, Ján,  |d 1877-1965  |2 snkbucl  |9 38540 
655 7 |a články z novín a časopisov  |2 snkbucl  |9 267496 
773 0 |t Kultúra  |g Roč. 6, č. 21 (2003), s. 6-7  |x 1335-3470 
850 |a Slovenská národná knižnica 
852 |a Slovenská národná knižnica 
954 |a odborná, vedecká literatúra pôvodná (slovenská)  |2 lita 
958 |a article13 
958 |a OND 
958 |a BX 
958 |a EUIPO 
992 |a RBX 
999 |c 2878387  |d 2880317